000 00276nam a2200121Ia 4500
008 190216s9999||||xx |||||||||||||| ||und||
100 _aMadavi Kkutty
245 0 _aKadalmayooram
260 _bCurrent Books
_c1989
300 _a125p
650 _aMalayalam Novel
942 _cBK
999 _c26523
_d26523